LEADER 02475nam 2200529 a 450 001 9910454390403321 005 20200520144314.0 010 $a1-935790-02-1 035 $a(CKB)1000000000522335 035 $a(OCoLC)227038314 035 $a(CaPaEBR)ebrary10172599 035 $a(SSID)ssj0000282984 035 $a(PQKBManifestationID)11211992 035 $a(PQKBTitleCode)TC0000282984 035 $a(PQKBWorkID)10323498 035 $a(PQKB)10378254 035 $a(MiAaPQ)EBC3138970 035 $a(Au-PeEL)EBL3138970 035 $a(CaPaEBR)ebr10172599 035 $a(EXLCZ)991000000000522335 100 $a20060724d2006 uy 0 101 0 $aeng 135 $aurcn||||||||| 181 $ctxt 182 $cc 183 $acr 200 10$aPopper's Vienna$b[electronic resource] /$fDario Antiseri 210 $aAurora, Colo. $cDavies Group, Publishers$dc2006 215 $a1 online resource (307 p.) 225 1 $aContemporary European cultural studies 300 $aBibliographic Level Mode of Issuance: Monograph 311 $a1-888570-92-X 320 $aIncludes bibliographical references. 327 $aErnst Mach's knowledge and error and Karl Popper's the logic of scientific discovery -- Three German scientists : Justus von Liebig, Heinrich Hertz and Albert Einstein and two American philosophers, Charles S. Peirce and Clarence Irving Lewis -- The construction of a logic of hypotheses in English, French and Italian thinkers between the nineteenth and twentieth centuries -- Evolutionary epistemology in Vienna from Ernst Mach to Karl Popper -- The Vienna fin de sie?cle against Freud -- Karl Bu?hler and Heinrich Gomperz : Karl Popper's two Viennese masters -- Carl Menger and Karl Popper : the shortcomings and errors of historicism -- Carl Menger, Ludwig von Mises, Friedrich A. von Hayek and Karl Popper : four Viennese in defense of methodological individualism -- Hans Kelsen and Karl Popper : two Viennese critics of Plato's totalitarianism -- The destiny of historical materialism and dialectical materialism in fin de sie?cle Vienna. 410 0$aContemporary European cultural studies. 606 $aVienna circle 608 $aElectronic books. 615 0$aVienna circle. 676 $a192 700 $aAntiseri$b Dario$053664 801 0$bMiAaPQ 801 1$bMiAaPQ 801 2$bMiAaPQ 906 $aBOOK 912 $a9910454390403321 996 $aPopper's Vienna$92136889 997 $aUNINA LEADER 01512nas 22004213a 450 001 996210885303316 005 20240413021207.0 011 $a1939-165X 035 $a(OCoLC)60629800 035 $a(CKB)954928555391 035 $a(CONSER) 2007215048 035 $a(EXLCZ)99954928555391 100 $a20050614a19779999 sy a 101 0 $aeng 135 $aurun|||||| 181 $ctxt$2rdacontent 182 $cc$2rdamedia 183 $acr$2rdacarrier 200 10$aVeterinary clinical pathology /$fAmerican Society for Veterinary Clinical Pathology 210 $aSanta Barbara, CA $cVeterinary Practice Pub. Co 300 $aImprint varies: Columbia, MO, 1977- ; Santa Barbara, CA, -1997; Baton Rouge, LA : American Society for Veterinary Clinical Pathology, 1998- 300 $aRefereed/Peer-reviewed 311 $aPrint versions: Veterinary clinical pathology (DLC)sn 81000582 (OCoLC)5118950 0275-6382 606 $aVeterinary pathology$vPeriodicals 606 $aPathology, Veterinary 606 $aAnimal Diseases 606 $aClinical Laboratory Techniques$xveterinary 608 $aPeriodical. 615 0$aVeterinary pathology 615 12$aPathology, Veterinary. 615 22$aAnimal Diseases. 615 22$aClinical Laboratory Techniques$xveterinary. 676 $a636 712 02$aAmerican Society for Veterinary Clinical Pathology. 906 $aJOURNAL 912 $a996210885303316 996 $aVeterinary clinical pathology$9786877 997 $aUNISA LEADER 01462nas 2200541-a 450 001 996321883903316 005 20240413021731.0 011 $a2353-074X 035 $a(CKB)110975506068711 035 $a(CONSER)---68036816- 035 $a(MiAaPQ)2046264 035 $a(DE-599)ZDB2397739-5 035 $a(EXLCZ)99110975506068711 100 $a20750626a19659999 --- a 101 0 $apol 181 $ctxt$2rdacontent 182 $cc$2rdamedia 183 $acr$2rdacarrier 200 00$aActa mycologica 210 $aWarszawa $cPa?stwowe Wydawn. Naukowe 215 $a1 online resource 300 $aRefereed/Peer-reviewed 311 $a0001-625X 531 $aACTA MYCOL 531 0 $aActa mycol. 606 $aMycology$vPeriodicals 606 $aMycology 606 $aMycology$2fast$3(OCoLC)fst01031307 606 $aGrzyby$vczasopisma$2jhpk 606 $aLichenologia$vczasopisma$2jhpk 606 $aMikologia$vczasopisma$2jhpk 606 $aPorosty$vczasopisma$2jhpk 608 $aPeriodicals 608 $aPeriodicals.$2fast 608 $aPeriodicals.$2lcgft 615 0$aMycology 615 2$aMycology 615 7$aMycology. 615 7$aGrzyby 615 7$aLichenologia 615 7$aMikologia 615 7$aPorosty 712 02$aPolskie Towarzystwo Botaniczne. 906 $aJOURNAL 912 $a996321883903316 920 $aexl_impl conversion 996 $aActa mycologica$92045246 997 $aUNISA